[Event "GRE-ch U10 Girls"]
[Site "Greece"]
[Date "2001.04.08"]
[Round "2"]
[White "Methimaki, E."]
[Black "Sifaki, Fr"]
[Result "0-1"]
[WhiteElo "1030"]
[BlackElo "1110"]
[PlyCount "44"]
[EventDate "2001.04.??"]
[EventType "swiss"]
[EventRounds "7"]
[EventCountry "GRE"]
[SourceTitle "EXT 2003"]
[Source "ChessBase"]
[SourceDate "2002.11.25"]
[SourceVersion "1"]
[SourceVersionDate "2002.11.25"]
[SourceQuality "1"]

1. e4 e5 2. Nf3 Nc6 3. Bb5 Nf6 4. Nc3 Bc5 5. 0-0 0-0 6. d3 d6 7. Bg5 h6 8. Bxf6 Qxf6 9. Bxc6 bxc6 10. Na4 Bb6 11. Nxb6 cxb6 12. g3 c5 13. a3 Bb7 14. h4 d5 15. exd5 Bxd5 16. Kg2 Rfe8 17. Re1 Re6 18. Rc1 Qf5 19. Re3 g5 20. c4 Bc6 21. Kf1 Rf6 22. Nxe5 Qxf2# 0-1